00437nam a2200109Ia 4500008004100000100002900041245010700070260004400177300001800221650001900239856006900258160712s9999 xx 000 0 und d aDuaqui, Yellowbelle d.M. cYellowbelle d.M. DuaquiaFrom Marcos to Aquino Governments: State Sponsorship of Diaspora Philanthropy c2013bPhilippine Social Sciences Review avol. 65 no. 2 xSOCIAL SCIENCE uhttp://journals.upd.edu.ph/index.php/pssr/issue/view/444/showToc